000 00312nam a22001337a 4500
008 181018b xxu||||| |||| 00| 0 eng d
020 _a9780867206876
041 _aeng
080 _22nd
_a610.73
100 _a2
101 _aINF
245 _aFundamentals of Nursing Research
_cBrockopp, D.Y
942 _2udc
_cBK
999 _c50123
_d50123